000 01702cam a22004814i 4500
003 PE-LiUPU
005 20250731173348.0
008 150706s r 000 0 d
020 _a8430114866
035 _a(Sirsi) i9788430114863
040 _aPE-LiUPU
_bspa
_cPE-LiUPU
_erda
049 _aPRUA
082 0 4 _a253
_bG81
_221
100 1 _aGreshake, Gisbert,
_eautor.
245 1 0 _aSer sacerdote hoy :
_bteología, praxis pastoral y espiritualidad /
_cGisbert Greshake.
264 1 _aSalamanca :
_bSígueme,
_c[2003] .
300 _a506 p ;
_c22 centímetros .
336 _atext
_2rdacontent
337 _aunmediated
_2rdamedia
338 _avolume
_2rdacarrier
490 0 _aVerdad e imagen ;
_v161
504 _aIncluye bibliografía.
505 0 _aEl ministerio sacerdotal en crisis -- Rasgos fundamentales de una teología del ministerio sacerdotal -- Ser sacerdote concretamente -- La espiritualidad sacerdotal.
526 _aSEG42
526 _aSEG41
526 _aSEG40
526 _aSEG39
526 _aP94
526 _aP87
526 _aP86
526 _aP85
526 _aP77
526 _aP76
526 _aP35
541 _g007-0020481;
650 0 4 _aSacerdocio.
910 _agl
_bjv
_cng
_d20091223
942 _2ddc
_cBOOK
949 _a253 G81
_wDEWEY
_c1
_i60902
_lCCODEBUL1
_mBUL
_p44.00
_r0
_sY
_tBOOK
_u2015-7-6
_xTEOLOGIA
_zUNKNOWN
_0COMPRA
_o.STAFF. Colección General
994 _aC0
_bPEPRU
596 _a1
999 _a253 G81
_wDEWEY
_c50262
_i60902
_f2021-11-10
_g5
_lCCODEBUL1
_mBUL
_p44.00
_r0
_sY
_tBOOK
_u2015-7-6
_xTEOLOGIA
_zUNKNOWN
_0COMPRA
_o.STAFF. Colección General
_d50262
980 _81
_gALBERTO SANCHEZ Responsable de Automatización